000 00773cam a22002414a 4500
001 12790133
005 20180216064854.0
008 020528s2003 maua b 001 0 eng
010 _a 2002074555
020 _a0201773430
040 _aDLC
_cDLC
_dDLC
041 _aeng
042 _apcc
080 _a006.66
082 0 0 _a006.66 ANG
_221
100 1 _a30
101 _aSHKI
245 1 0 _aInteractive computer graphics :
_cEdward Angel.
504 _aIncludes bibliographical references (p. 699-706) and index.
906 _a7
_bcbc
_corignew
_d1
_eocip
_f20
_gy-gencatlg
942 _2ddc
_cBK
999 _c42784
_d42784